A Sarbanes-Oxley road map: improving real estate data, dialogue and decision making in support of good corporate governance. (Record no. 74935)

MARC details
000 -LEADER
fixed length control field 01425cab a2200205 4500
001 - CONTROL NUMBER
control field X129080
008 - FIXED-LENGTH DATA ELEMENTS--GENERAL INFORMATION
fixed length control field 050316n2005 000 0 eng u
035 ## - SYSTEM CONTROL NUMBER
System control number (Sirsi) u129080
100 ## - MAIN ENTRY--PERSONAL NAME
Personal name Billing, M.
245 #2 - TITLE STATEMENT
Title A Sarbanes-Oxley road map: improving real estate data, dialogue and decision making in support of good corporate governance.
260 ## - PUBLICATION, DISTRIBUTION, ETC.
Date of publication, distribution, etc. 2005
490 ## - SERIES STATEMENT
Series statement Journal of Corporate Real Estate
Volume/sequential designation 7(1) January 2005, 23-33(11)
520 ## - SUMMARY, ETC.
Summary, etc. The pursuit of good corporate governance, as exemplified by compliance with Sarbanes-Oxley, requires Corporate Real Estate (CRE) departments to gain a better understanding of asset values and lease costs than most companies currently possess. As a result, CRE departments are motivated to centralise control over operations globally, to improve systems for ensuring consistent and accurate accounting worldwide and to scrutinise vendors more thoroughly. These changes will be difficult for many CRE departments but, done properly, the focus on corporate governance will bring greater understanding of real estate's impact on corporate financial performance, as well as enhancing relationships with the chief finance officer, senior management and business unit leaders. [Taken from journal abstract.]
590 ## - LOCAL NOTE (RLIN)
Local note ABS
650 ## - SUBJECT ADDED ENTRY--TOPICAL TERM
Topical term or geographic name entry element REAL ESTATE MANAGEMENT SYSTEMS
650 ## - SUBJECT ADDED ENTRY--TOPICAL TERM
Topical term or geographic name entry element CORPORATE GOVERNANCE
650 ## - SUBJECT ADDED ENTRY--TOPICAL TERM
Topical term or geographic name entry element ASSET VALUES
690 ## - LOCAL SUBJECT ADDED ENTRY--TOPICAL TERM (OCLC, RLIN)
Topical term or geographic name as entry element MANAGEMENT
942 ## - ADDED ENTRY ELEMENTS (KOHA)
Suppress in OPAC 0
Holdings
Withdrawn status Lost status Source of classification or shelving scheme Damaged status Not for loan Home library Current library Shelving location Date acquired Total Checkouts Full call number Barcode Date last seen Copy number Price effective from Koha item type
    Dewey Decimal Classification     London London Journal article 16/03/2005   X129080 129080-1001 06/08/2019 1 06/08/2019 Journal article